000 01039nam a22002777i 4500
001 768714001
003 CO-MdFUSB
005 20220228112045.0
008 170724t2015 pe ||||f f||| 00| 0 spa d
020 _a9786124252044
040 _aCO-MdFUSB
_bspa
_cCO-MdFUSB
_dCO-MdFUSBC
_erda
041 _aspa
082 _224
_a487.4
_bW163
100 1 _aWalder, Ernst
_eautor
245 1 _aAprendiendo el griego del Nuevo Testamento
_b: Manual
_c/ Ernst Walder
250 _aPrimera edición,
_bprimera reimpresión: agosto 2015
264 4 _aLima, Perú :
_bCentro de Investigaciones y Publicaciones (CENIP),
_bPuma,
_c©2015
300 _a330 páginas
_c: 28 cm.
336 _2rdacontent
_atexto
_btxt
337 _2rdamedia
_asin mediación
_bn
338 _2rdacarrier
_avolumen
_bnc
505 _aAspectos teóricos del aprendizaje del griego del Nuevo Testamento -- Ejercicios prácticos para el aprendizaje del griego del Nuevo Testamento
630 7 _aBiblia.
_pNuevo Testamento
_vGriego
_xEnseñanzas
942 _cBK
945 _aJTF-925
999 _c63939
_d63939